UK market notes : canned fish.
| Format: | Book |
|---|---|
| Published: |
Surrey, United Kingdom:
DeCTA,
1995.
|
| Subjects: |
| LEADER | 00440cam a2200157 7i4500 | ||
|---|---|---|---|
| 001 | 0000003703 | ||
| 005 | 19991025090000.0 | ||
| 002 | ##000005092 | ||
| 020 | 0 | 0 | |a T000004530 |
| 090 | 0 | 0 | |a P 664 |b UNI |
| 245 | 0 | 0 | |a UK market notes : |b canned fish. |
| 260 | 0 | 0 | |a Surrey, United Kingdom: |b DeCTA, |c 1995. |
| 300 | 0 | 0 | |a 8 p.. |
| 650 | 0 | 0 | |a Canned fish -- |z United Kingdom |
| 651 | 0 | 0 | |a United Kingdom |
| 999 | |a 000005610 |b Book |c Open shelf |e Business Information Centre | ||